Análisis de los procesos desarrollados por el Estado Rector de Puertos en la República Dominicana para el año 2023 / (Registro nro. 8020)

Detalles MARC
000 -CABECERA
campo de control de longitud fija 01581nam a22002417a 4500
003 - IDENTIFICADOR DEL NÚMERO DE CONTROL
campo de control DO-SdBJH
005 - FECHA Y HORA DE LA ÚLTIMA TRANSACCIÓN
campo de control 20250122140418.0
008 - DATOS DE LONGITUD FIJA--INFORMACIÓN GENERAL
campo de control de longitud fija 250122b |||||||| |||| 00| 0 spa d
040 ## - FUENTE DE LA CATALOGACIÓN
Centro catalogador/agencia de origen DO-SdBJH
Lengua de catalogación spa
Centro/agencia transcriptor DO-SdBJH
090 ## - LOCALMENTE ASIGNADO TIPO-LC NÚMERO DE CLASIFICACIÓN (OCLC); NÚMERO DE CLASIFICACIÓN LOCAL (RLIN)
Número de clasificación (OCLC) (R) ; Numero de clasificación, CALL (RLIN) (NR) TG EGCEMN
Número cutter local (OCLC) ; Número de libro/Signatura topográfica íntegra, CALL (RLIN) 02230 2023
100 1# - ENTRADA PRINCIPAL--NOMBRE DE PERSONA
Nombre de persona Quezada Nin, Víctor Manuel
Término indicativo de función/relación sustentante
245 10 - MENCIÓN DE TÍTULO
Título Análisis de los procesos desarrollados por el Estado Rector de Puertos en la República Dominicana para el año 2023 /
Mención de responsabilidad, etc. Víctor Manuel Quezada Nin, Mario José Páramo Villalobos, asesores Radhámes Vega Domínguez, Eddy Gerónimo Soto
260 ## - PUBLICACIÓN, DISTRIBUCIÓN, ETC.
Lugar de publicación, distribución, etc. Santo Domingo Este :
Nombre del editor, distribuidor, etc. INSUDE,
Fecha de publicación, distribución, etc. 2023
300 ## - DESCRIPCIÓN FÍSICA
Extensión v, 106 páginas, gráficos, tabla
502 ## - NOTA DE TESIS
Nota de tesis Tesis (Especialidad en Comando y Estado Mayor Naval). -- Instituto Superior para la Defensa (INSUDE). Escuela de Graduados de Estudios Superiores Navales, 2023
504 ## - NOTA DE BIBLIOGRAFÍA, ETC.
Nota de bibliografía, etc. Incluye referencias bibliográficas e índices
505 ## - NOTA DE CONTENIDO CON FORMATO
Nota de contenido con formato Características del Estado Rector de Puertos (ERP) de la República Dominicana, y marco jurídico que sustenta los procedimientos supervisión. -- Procedimientos y las actividades desarrolladas por el Estado Rector de Puertos (ERP) durante el año 2023. -- Propuesta de mejora de los procedimientos utilizados por el Estado Rector de Puertos en la República Dominicana
700 1# - PUNTO DE ACCESO ADICIONAL--NOMBRE DE PERSONA
Nombre de persona Páramo Villalobos, Mario José
Término indicativo de función/relación sustentante
700 1# - PUNTO DE ACCESO ADICIONAL--NOMBRE DE PERSONA
Nombre de persona Vega Domínguez, Radhámes
Término indicativo de función/relación asesor
700 1# - PUNTO DE ACCESO ADICIONAL--NOMBRE DE PERSONA
Nombre de persona Gerónimo Soto, Eddy
Término indicativo de función/relación asesor
830 ## - PUNTO DE ACCESO ADICIONAL DE SERIE-TÍTULO UNIFORME
Título uniforme INSUDE. “Escuela de Graduados de Estudios Superiores Navales”. Tesis y disertaciones académicas
942 ## - ELEMENTOS DE PUNTO DE ACCESO ADICIONAL (KOHA)
Fuente del sistema de clasificación o colocación Clasificación Local
Tipo de ítem Koha Tesis
Existencias
Estado de retiro Estado de pérdida Fuente del sistema de clasificación o colocación Estado dañado No para préstamo Código de colección Localización permanente Ubicación/localización actual Fecha de adquisición Número de inventario Total de préstamos Signatura topográfica completa Código de barras Fecha visto por última vez Número de copia Precio válido a partir de Tipo de ítem Koha
    Clasificación Local     Colección General SIBM UNADE - Biblioteca Sede Central SIBM UNADE - Biblioteca Sede Central 01/22/2025 23-02230   TG EGCEMN 02230 2023 23-02230 01/22/2025 e.1 01/22/2025 Tesis
© Copyright 2016. Universidad Nacional para la Defensa.Todos los derechos reservados.

 

Designed & Maintained by: https://www.sibdweb.com.do
Sistema de Información & Bibliotecas (SIBD). Contact: pbrito2005@gmail.com